[Event "IMSA Blitz Women 2019"]
[Site "Hengshui"]
[Date "2019.05.17"]
[Round "3.2"]
[White "Zhao, Xue"]
[Black "Gunina, Valentina"]
[Result "0-1"]
[WhiteElo "2485"]
[BlackElo "2506"]
[Annotator "ChessBase"]
[PlyCount "76"]
[EventDate "2019.05.17"]
[EventType "blitz"]
[EventCountry "CHN"]
[SourceTitle "playchess.com"]
[Source "ChessBase"]
[SourceQuality "1"]
[TimeControl "180+2"]

1. c4 {[%emt 0:00:00]} Nf6 {[%emt 0:00:00]} 2. Nf3 {[%emt 0:00:01]} c5 {[%emt 0:00:02]} 3. g3 {[%emt 0:00:05]} Nc6 {[%emt 0:00:01]} 4. Bg2 {[%emt 0:00:02]} g6 {[%emt 0:00:01]} 5. b3 {[%emt 0:00:03]} Bg7 {[%emt 0:00:01]} 6. Bb2 {[%emt 0:00:01]} O-O {[%emt 0:00:01]} 7. O-O {[%emt 0:00:01]} b6 {[%emt 0:00:01]} 8. d4 {[%emt 0:00:01]} cxd4 {[%emt 0:00:05]} 9. Nxd4 {[%emt 0:00:02]} Bb7 {[%emt 0:00:02]} 10. Nc3 {[%emt 0:00:15]} Rc8 {[%emt 0:00:32]} 11. Rc1 {[%emt 0:00:26]} d6 {[%emt 0:00:09]} 12. Nc2 {[%emt 0:00:19]} Qd7 {[%emt 0:00:12]} 13. Ne3 {[%emt 0:00:05]} Ne5 {[%emt 0:00:08]} 14. f3 {[%emt 0:01:00]} a6 {[%emt 0:00:23]} 15. Qd2 {[%emt 0:00:23]} b5 {[%emt 0:00:11]} 16. Ncd5 {[%emt 0:00:10]} Nxd5 {[%emt 0:00:06]} 17. Nxd5 {[%emt 0:00:02]} Bxd5 {[%emt 0:00:05]} 18. cxd5 {[%emt 0:00:00]} Qa7+ {[%emt 0:00:10]} 19. e3 {[%emt 0:00:11]} a5 {[%emt 0:00:05]} 20. Bd4 {[%emt 0:00:04]} Qa8 {[%emt 0:00:02]} 21. Qb2 {[%emt 0:00:04]} Nd3 {[%emt 0:00:05]} 22. Rxc8 {[%emt 0:00:04]} Rxc8 {[%emt 0:00:08]} 23. Qa1 {[%emt 0:00:09]} Bxd4 {[%emt 0:00:10]} 24. Qxd4 {[%emt 0:00:01]} Nb4 {[%emt 0:00:01]} 25. f4 {[%emt 0:00:08]} Nxa2 {[%emt 0:00:02]} 26. Ra1 {[%emt 0:00:03]} Nc3 {[%emt 0:00:06]} 27. Bf3 {[%emt 0:00:09]} a4 {[%emt 0:00:15]} 28. bxa4 {[%emt 0:00:03]} bxa4 {[%emt 0:00:01]} 29. h4 {[%emt 0:00:02]} a3 {[%emt 0:00:07]} 30. h5 {[%emt 0:00:01]} f6 {[%emt 0:00:12]} 31. hxg6 {[%emt 0:00:04]} hxg6 {[%emt 0:00:01]} 32. Kg2 {[%emt 0:00:01]} Qb7 {[%emt 0:00:04]} 33. Bg4 {[%emt 0:00:02]} Qb2+ 34. Kh3 Ra8 {[%emt 0:00:07]} 35. Be6+ {[%emt 0:00:02]} Kg7 {[%emt 0:00:01]} 36. Rg1 {[%emt 0:00:02]} Ne2 {[%emt 0:00:04]} 37. Qxb2 {[%emt 0:00:01]} axb2 {[%emt 0:00:01]} 38. Rb1 {[%emt 0:00:01]} Rb8 {[%emt 0:00:01]} 0-1

[Event "IMSA Blitz Women 2019"]
[Site "Hengshui"]
[Date "2019.05.17"]
[Round "3.2"]
[White "Khotenashvili, Bela"]
[Black "Bodnaruk, Anastasia"]
[Result "1-0"]
[WhiteElo "2476"]
[BlackElo "2431"]
[Annotator "RC"]
[PlyCount "161"]
[EventDate "2019.05.17"]
[EventType "blitz"]
[EventCountry "CHN"]
[SourceTitle "playchess.com"]
[Source "ChessBase"]
[SourceQuality "1"]
[TimeControl "180+2"]

1. d4 {[%emt 0:00:00]} Nf6 {[%emt 0:00:00]} 2. Nc3 {[%emt 0:00:00]} d5 {[%emt 0:00:00]} 3. Bf4 {[%emt 0:00:01]} g6 {[%emt 0:00:02]} 4. e3 {[%emt 0:00:04]} Bg7 {[%emt 0:00:01]} 5. h4 {[%emt 0:00:01]} h5 {[%emt 0:00:02]} 6. Nb5 {[%emt 0:00:05]} Na6 {[%emt 0:00:03]} 7. Be2 {[%emt 0:00:06]} O-O {[%emt 0:00:04]} 8. Nf3 {[%emt 0:00:03]} Ne4 {[%emt 0:00:30]} 9. Ng5 {[%emt 0:00:09]} Nxg5 {[%emt 0:00:28]} 10. hxg5 {[%emt 0:00:11]} f6 {[%emt 0:00:34]} 11. Bxh5 {[%emt 0:00:38]} Qe8 {[%emt 0:00:44]} 12. Be2 {[%emt 0:00:12]} e5 {[%emt 0:00:03]} 13. Bg3 {[%emt 0:00:04]} c6 {[%emt 0:00:18]} 14. Nd6 {[%emt 0:00:11]} Qe7 {[%emt 0:00:01]} 15. Nxc8 Raxc8 {[%emt 0:00:00]} 16. gxf6 {[%emt 0:00:23]} Bxf6 {[%emt 0:00:01]} 17. Bxa6 {[%emt 0:00:15]} bxa6 {[%emt 0:00:03]} 18. Qg4 {[%emt 0:00:03]} Kg7 {[%emt 0:00:09]} 19. O-O-O {[%emt 0:00:06]} e4 {[%emt 0:00:12]} 20. Bf4 {[%emt 0:00:08]} Rh8 {[%emt 0:00:01]} 21. c3 {[%emt 0:00:08]} a5 {[%emt 0:00:03]} 22. Rh3 {[%emt 0:00:10]} Rxh3 {[%emt 0:00:02]} 23. gxh3 {[%emt 0:00:02]} Rh8 {[%emt 0:00:05]} 24. Rg1 {[%emt 0:00:02]} Qf7 {[%emt 0:00:01]} 25. Qg3 {[%emt 0:00:08]} Qe8 {[%emt 0:00:08]} 26. Bg5 {[%emt 0:00:17]} Bxg5 {[%emt 0:00:03]} 27. Qxg5 {[%emt 0:00:01]} Rxh3 {[%emt 0:00:01]} 28. Rg3 {[%emt 0:00:13]} Rh1+ {[%emt 0:00:07]} 29. Kc2 {[%emt 0:00:01]} Rh2 {[%emt 0:00:06]} 30. Rg2 {[%emt 0:00:04]} Rxg2 31. Qxg2 {[%emt 0:00:01]} c5 {[%emt 0:00:05]} 32. b3 {[%emt 0:00:09]} cxd4 {[%emt 0:00:02]} 33. exd4 {[%emt 0:00:02]} a4 {[%emt 0:00:01]} 34. Qg5 {[%emt 0:00:03]} axb3+ 35. axb3 {[%emt 0:00:01]} Qe6 {[%emt 0:00:03]} 36. Qf4 {[%emt 0:00:06]} a5 {[%emt 0:00:01]} 37. Qc7+ {[%emt 0:00:02]} Qf7 {[%emt 0:00:01]} 38. Qe5+ {[%emt 0:00:01]} Kh6 {[%emt 0:00:02]} 39. Qh2+ {[%emt 0:00:03]} Kg7 {[%emt 0:00:03]} 40. Qe5+ {[%emt 0:00:01]} Kh6 {[%emt 0:00:03]} 41. Qh2+ {[%emt 0:00:02]} Kg7 {[%emt 0:00:00]} 42. b4 {[%emt 0:00:03]} axb4 {[%emt 0:00:01]} 43. cxb4 {[%emt 0:00:01]} Qb7 {[%emt 0:00:02]} 44. Kb3 {[%emt 0:00:01]} Qb5 {[%emt 0:00:01]} 45. Qe5+ {[%emt 0:00:01]} Kf7 {[%emt 0:00:03]} 46. Qf4+ {[%emt 0:00:02]} Kg7 {[%emt 0:00:01]} 47. Qc7+ {[%emt 0:00:01]} Kh6 {[%emt 0:00:02]} 48. Qc1+ {[%emt 0:00:02]} g5 {[%emt 0:00:03]} 49. Qc3 {[%emt 0:00:04]} Qf1 {[%emt 0:00:03]} 50. Qc6+ {[%emt 0:00:01]} Kh5 {[%emt 0:00:01]} 51. Qxd5 {[%emt 0:00:01]} Qd3+ {[%emt 0:00:03]} 52. Ka4 {[%emt 0:00:01]} Qc2+ {[%emt 0:00:03]} 53. Ka5 {[%emt 0:00:01]} Kg4 {[%emt 0:00:04]} 54. b5 {[%emt 0:00:02]} Kf3 {[%emt 0:00:03]} 55. Qf5+ {[%emt 0:00:02]} Ke2 {[%emt 0:00:01]} 56. d5 {[%emt 0:00:05]} Qa2+ {[%emt 0:00:02]} 57. Kb6 {[%emt 0:00:01]} Qc4 {[%emt 0:00:01]} 58. Qxg5 {[%emt 0:00:03]} Kxf2 {[%emt 0:00:01]} 59. d6 {[%emt 0:00:03]} e3 {[%emt 0:00:02]} 60. Qc5 {[%emt 0:00:02]} Qe6 {[%emt 0:00:02]} 61. Kc7 {[%emt 0:00:02]} Kf1 {[%emt 0:00:04]} 62. Qc1+ {[%emt 0:00:01]} Kf2 {[%emt 0:00:02]} 63. Qb2+ {[%emt 0:00:02]} e2 {[%emt 0:00:00]} 64. d7 {[%emt 0:00:01]} Qe7 {[%emt 0:00:02]} 65. Kc8 {[%emt 0:00:01]} Qe6 {[%emt 0:00:01]} 66. Kc7 {[%emt 0:00:01]} Qe7 {[%emt 0:00:04]} 67. b6 {[%emt 0:00:01]} Kf1 {[%emt 0:00:02]} 68. Qb5 {[%emt 0:00:01]} Kf2 {[%emt 0:00:01]} 69. Qf5+ {[%emt 0:00:01]} Kg1 {[%emt 0:00:02]} 70. Qg4+ {[%emt 0:00:02]} Kf2 {[%emt 0:00:01]} 71. Qf4+ {[%emt 0:00:00]} Kg2 {[%emt 0:00:01]} 72. Qd2 {[%emt 0:00:02]} Kf1 {[%emt 0:00:02]} 73. Qd3 {[%emt 0:00:02]} Kf2 {[%emt 0:00:00]} 74. Qd2 {[%emt 0:00:02]} Kf1 {[%emt 0:00:01]} 75. b7 {[%emt 0:00:02]} Qc5+ {[%emt 0:00:09]} 76. Kb8 {[%emt 0:00:03]} Qe5+ {[%emt 0:00:02]} 77. Ka8 {[%emt 0:00:04]} Qh8+ {[%emt 0:00:03]} 78. d8=Q {[%emt 0:00:02]} Qxd8+ {[%emt 0:00:01]} 79. Qxd8 {[%emt 0:00:01]} e1=Q {[%emt 0:00:01]} 80. b8=Q {[%emt 0:00:03]} Qa1+ {[%emt 0:00:02]} 81. Qa7 {[%emt 0:00:01]} 1-0

[Event "IMSA Blitz Women 2019"]
[Site "Hengshui"]
[Date "2019.05.17"]
[Round "3.2"]
[White "Paehtz, Elisabeth"]
[Black "Muzychuk, Mariya"]
[Result "1-0"]
[WhiteElo "2470"]
[BlackElo "2563"]
[Annotator "TA"]
[PlyCount "67"]
[EventDate "2019.05.17"]
[EventType "blitz"]
[EventCountry "CHN"]
[SourceTitle "playchess.com"]
[Source "ChessBase"]
[SourceQuality "1"]

{[%evp 13,107,0,8,0,14,21,22,0,16,0,34,34,54,54,64,0,0,0,0,0,0,-119,-75,-52,-51,-66,-82,-84,39,53,34,-17,49,46,102,103,168,161,197,188,188,106,115,60,125,28,118,105,104,61,59,52,50,54,134,104,224,214,1379,1371,2022,2019,1436,383,377,362,364,366,466,466,515,512,458,457,728,746,1060,980,821,735,752,672,596,400,552,566,567,553,557,539,514,484,29995,29996,29996,29997]} 1. d4 Nf6 2. Nf3 g6 3. Bg5 Bg7 4. Nbd2 d5 5. c3 O-O 6. e3 b6 7. Be2 c5 8. O-O {D03: 1 d4 d5 2 Nf3 Nf6 3 Bg5, including Torre Attack with early ...d5} Nc6 (8... Bb7 9. Re1 Nc6 10. a4 Nd7 11. Qb1 Qc8 12. b4 e6 13. b5 Na5 14. Qa2 Re8 15. Rac1 a6 16. c4 axb5 17. cxb5 {0-1 (40) Nepomniachtchi,I (2757)-Grischuk,A (2766) chess.com INT 2018}) 9. Qa4 Bb7 10. Qa3 $146 {The position is equal.} ({Predecessor:} 10. Rfd1 cxd4 11. cxd4 Qd7 12. Qa3 Rfc8 13. h3 e6 14. Rac1 h6 15. Bf4 Ne4 {1-0 (41) Epishin,V (2574)-Matinian,N (2439) St Petersburg 2012}) 10... Nd7 11. b4 {[%cal Rb4c5]} cxb4 12. cxb4 {aiming for b5.} f6 13. Bh4 Qe8 14. Nb3 (14. Rac1 $14) 14... e5 $11 15. b5 Nd8 16. Rac1 Ne6 17. Qd6 (17. Qb4 $11 {keeps the balance.}) 17... Rf7 18. Qb4 Bf8 19. Qd2 Ba3 20. Rc2 Rc8 (20... e4 $17 21. Ne1 f5) 21. Rxc8 $14 Qxc8 22. Rd1 (22. dxe5 $14 fxe5 23. Bg3) 22... Qc7 (22... e4 $11 23. Ne1 f5) 23. Bg3 Rf8 (23... Bd6 $1 $14) 24. dxe5 $16 fxe5 {[#]} (24... Nxe5 $16 25. Nfd4 Qe7) 25. Nbd4 $1 $18 {[%cal Rd4e6][%mdl 512]} Nxd4 (25... exd4 26. Bxc7) 26. exd4 Bd6 {[#]} 27. dxe5 ({Better is} 27. Ng5 $1 $18) 27... Nxe5 $16 28. Nd4 (28. Nxe5 $16 Bxe5 29. Bf3) 28... Qf7 {[#]} ({Black should try} 28... Re8 $14) 29. f3 (29. Nc6 $1 $16 {[%cal Rc6e5][%mdl 512]} Nxc6 (29... Bxc6 30. bxc6) 30. Bxd6) 29... Nc4 (29... Qf6 $11) 30. Bxc4 $1 Bxg3 31. Bb3 Bf4 32. Qb4 Re8 33. Nc6 $36 {[%mdl 2048] White is more active.} Be3+ (33... Qf6 $14) 34. Kf1 {Played: Kg1-h1} 1-0

[Event "IMSA Blitz Women 2019"]
[Site "Hengshui"]
[Date "2019.05.17"]
[Round "3.2"]
[White "Abdumalik, Zhansaya"]
[Black "Harika, Dronavalli"]
[Result "1/2-1/2"]
[WhiteElo "2464"]
[BlackElo "2492"]
[Annotator "TA"]
[PlyCount "160"]
[EventDate "2019.05.17"]
[EventType "blitz"]
[EventCountry "CHN"]
[SourceTitle "playchess.com"]
[Source "ChessBase"]
[SourceQuality "1"]

{[%evp 14,160,6,7,11,9,20,14,16,0,-5,-3,0,-34,-35,-32,-30,-30,-30,-54,0,-13,-23,-27,0,-58,-56,-82,-54,-76,-16,-20,-4,-35,0,-34,-30,-63,-66,-109,-103,-169,-87,-143,-130,-150,-152,-125,-142,-129,0,-164,-155,-158,-156,-163,-180,-239,-164,-285,-233,-266,-65,-74,-28,-28,-28,-28,0,-267,-124,-217,0,-241,-82,-222,0,-237,0,-26,0,-222,0,-231,0,-229,-50,-239,-227,-198,-80,-221,-125,-216,0,-202,-39,-42,0,-189,-151,-446,-175,-387,0,-397,-33,-40,-33,-40,-33,-129,-125,-105,0,-33,-33,-40,-40,-525,-534,-599,-582,-571,-566,-563,-562,-622,-587,-825,-823,-855,-533,-504,0,-836,0,-429,0,-803,-532,-1037,-12,-905,0,-915,0,-758,0]} 1. e4 e6 2. d4 d5 3. Nc3 Bb4 4. e5 c5 5. a3 Bxc3+ 6. bxc3 Ne7 7. a4 Qa5 8. Bd2 Nbc6 {[%cal Bb8c6,Bc6a5,Ba5c4,Bc4d2][%mdl 32] C19: French: 3 Nc3 Bb4: Main line: 7 Nf3 and 7 a4} 9. f4 Bd7 10. Nf3 Qc7 {The position is equal.} 11. Bb5 $146 ({Predecessor:} 11. Bd3 Na5 12. O-O Nc4 13. Bc1 Nb6 14. Ng5 h6 15. Qh5 g6 {1-0 (26) Oparin,G (2604)-Goganov,A (2592) Sochi 2017}) 11... Na5 12. Bd3 Nc4 13. O-O (13. Bxc4 $5 dxc4 14. O-O $11) 13... Nxd2 14. Qxd2 c4 15. Be2 Qa5 16. Rfb1 O-O-O (16... b6 $15) 17. Ra3 h6 18. Qc1 Bc6 19. Qb2 (19. g3 $11) 19... Nf5 20. Kf2 f6 21. Qb4 Qxb4 ({Better is} 21... Qc7 $1 $17) 22. cxb4 $11 fxe5 23. fxe5 g5 24. h3 Rdf8 {White must now prevent ...Nxd4.} 25. b5 Be8 26. Ke1 Bg6 27. Bd1 (27. a5 $17) 27... Rh7 (27... h5 $1 $19 {And now ...g4 would win.} 28. Nxg5 Nxd4) 28. a5 (28. Rb2 $142) 28... Rhf7 $17 29. Kd2 Ng3 30. Kc1 Ne4 31. Re3 h5 (31... Rf4 $17 32. Rb2 Nf2) 32. Kb2 $2 (32. Nxg5 $11 Nxg5 33. Rg3) 32... Rf4 $19 33. Be2 Kd7 34. Rd1 Ke7 35. Rg1 (35. Re1 $142) 35... h4 36. Rd1 (36. c3 $142) 36... Bh5 37. Re1 {[#]} Bxf3 $2 ({Black should try} 37... Ng3 $1 $19 38. a6 Rb8) 38. Bxf3 $15 Ng3 {...Nf5 is the strong threat.} 39. c3 Nf5 {aiming for ...g4.} 40. R3e2 Ng3 41. Rc2 $2 {[%mdl 8192]} (41. Re3 $1 $11) 41... R8f7 (41... Rxf3 $19 42. gxf3 Rxf3) 42. Ra1 (42. b6 $17 axb6 43. Rb1) 42... Rf8 43. Re1 $1 R4f7 $2 (43... Rxf3 $19 {has better winning chances.} 44. gxf3 Rxf3) 44. Rd2 (44. Re3 $17) 44... Rf4 45. Rc2 $1 Nf5 $2 (45... Rxf3 $19 46. gxf3 Rxf3) 46. Rd2 Ng3 $2 (46... Rb8 $11) 47. Rc2 $1 $19 R4f7 48. Rd2 $1 Rf4 49. Rc2 $1 Kd8 $2 (49... Rxf3 $19 50. gxf3 Rxf3) 50. Rd2 $2 (50. Bg4 $15 Ke7 51. a6) 50... Kd7 51. Rc2 Ke7 (51... Rxf3 $19 52. gxf3 Rxf3) 52. Ra1 (52. Re3 $17) 52... R8f7 (52... Rxf3 $19 53. gxf3 Rxf3) 53. Re1 (53. Bd1 $17) 53... Rf8 $2 (53... Rxf3 $19 54. gxf3 Rxf3) 54. Rd1 $2 (54. Ra1 $1 $11) 54... Rb8 $2 (54... Rxf3 $19 55. gxf3 Rxf3) 55. Ra1 Rbf8 56. a6 $2 (56. Re1 $11 {and White stays safe.}) 56... b6 57. Re1 $2 (57. Bg4 $17) 57... R8f7 $2 (57... Rxf3 58. gxf3 Rxf3) 58. Rd1 $2 (58. Bg4) 58... Rf8 59. Re1 $1 Nf5 $2 ({Black should play} 59... Rxf3 $19 60. gxf3 Rxf3) 60. Rd2 Ng7 61. Kc2 Ne8 62. Red1 ({White has to play} 62. Kc1 $1 $15) 62... Nc7 $17 63. Rb1 {[#]} Ne8 (63... g4 $1 $17 {[%cal Rg4f3]} 64. Bxg4 Rf1) 64. Re1 Ng7 65. Rde2 Nf5 66. Rd2 $2 {[%mdl 8192]} (66. Kb2 $15) 66... Ng3 $19 67. Kb2 Rxf3 68. gxf3 Rxf3 {[%mdl 4096] Endgame KRR-KRN} 69. Rg2 Kf7 70. Rc1 Kg6 71. Rcc2 Ne4 72. Rh2 Rg3 73. Rc1 Rf3 (73... Rd3 $142 74. Rhh1 Re3) 74. Rcc2 $1 Rg3 75. Rc1 $1 Rf3 (75... Rd3 $142 76. Rf1 Kg7) 76. Rcc2 $1 Kh5 77. Rc1 Rg3 $2 (77... Nf2 $19 78. Rb1 Nxh3) 78. Rcc2 $2 {[%mdl 8192]} (78. Rf1 $11) 78... Rf3 79. Rc1 $1 Rg3 80. Rcc2 Rf3 $2 {Accuracy: White = 30%, Black = 31%.} (80... g4 $19 81. hxg4+ Kxg4) 1/2-1/2

[Event "IMSA Blitz Women 2019"]
[Site "Hengshui"]
[Date "2019.05.17"]
[Round "4.1"]
[White "Muzychuk, Mariya"]
[Black "Khotenashvili, Bela"]
[Result "0-1"]
[WhiteElo "2563"]
[BlackElo "2476"]
[Annotator "ChessBase"]
[PlyCount "180"]
[EventDate "2019.05.17"]
[EventType "blitz"]
[EventCountry "CHN"]
[SourceTitle "playchess.com"]
[Source "ChessBase"]
[SourceQuality "1"]
[TimeControl "180+2"]

1. e4 {[%emt 0:00:00]} c6 {[%emt 0:00:00]} 2. d4 {[%emt 0:00:00]} d5 {[%emt 0:00:00]} 3. Nc3 {[%emt 0:00:00]} dxe4 {[%emt 0:00:00]} 4. Nxe4 {[%emt 0:00:01]} Nf6 {[%emt 0:00:01]} 5. Nxf6+ {[%emt 0:00:01]} exf6 {[%emt 0:00:01]} 6. c3 {[%emt 0:00:01]} Bd6 {[%emt 0:00:01]} 7. Nf3 {[%emt 0:00:02]} O-O {[%emt 0:00:11]} 8. Be2 {[%emt 0:00:01]} Re8 {[%emt 0:00:01]} 9. O-O {[%emt 0:00:02]} Nd7 {[%emt 0:00:01]} 10. h3 {[%emt 0:00:01]} Nf8 {[%emt 0:00:02]} 11. Re1 {[%emt 0:00:09]} Ng6 {[%emt 0:00:03]} 12. Bc4 {[%emt 0:00:17]} Rxe1+ 13. Qxe1 Bf5 {[%emt 0:00:13]} 14. Be3 {[%emt 0:00:42]} Qd7 {[%emt 0:00:02]} 15. Bf1 {[%emt 0:00:05]} Nf4 {[%emt 0:00:14]} 16. Qd2 {[%emt 0:00:07]} Nd5 {[%emt 0:00:03]} 17. Re1 {[%emt 0:00:22]} Re8 {[%emt 0:00:02]} 18. Bd3 {[%emt 0:00:14]} h6 {[%emt 0:00:18]} 19. a3 {[%emt 0:00:16]} b5 {[%emt 0:00:13]} 20. Qc2 {[%emt 0:00:04]} Bxd3 {[%emt 0:00:05]} 21. Qxd3 {[%emt 0:00:01]} a5 {[%emt 0:00:11]} 22. Kf1 {[%emt 0:00:06]} Nb6 {[%emt 0:00:21]} 23. Nd2 {[%emt 0:00:08]} Qe6 {[%emt 0:00:05]} 24. Qb1 {[%emt 0:00:11]} Nc4 {[%emt 0:00:15]} 25. Nxc4 {[%emt 0:00:07]} Qxc4+ {[%emt 0:00:01]} 26. Kg1 {[%emt 0:00:01]} a4 {[%emt 0:00:09]} 27. Bd2 {[%emt 0:00:11]} Re6 {[%emt 0:00:08]} 28. g3 {[%emt 0:00:09]} h5 {[%emt 0:00:05]} 29. Rxe6 {[%emt 0:00:05]} Qxe6 {[%emt 0:00:02]} 30. Kg2 {[%emt 0:00:15]} Qb3 {[%emt 0:00:22]} 31. Qf5 {[%emt 0:00:17]} Qxb2 {[%emt 0:00:28]} 32. Qc8+ {[%emt 0:00:01]} Bf8 {[%emt 0:00:06]} 33. Bf4 {[%emt 0:00:01]} Qb3 {[%emt 0:00:03]} 34. Qxc6 {[%emt 0:00:04]} Bxa3 {[%emt 0:00:10]} 35. d5 {[%emt 0:00:01]} Qc4 {[%emt 0:00:03]} 36. Qxc4 {[%emt 0:00:04]} bxc4 {[%emt 0:00:01]} 37. d6 {[%emt 0:00:01]} Kf8 {[%emt 0:00:01]} 38. Kf3 {[%emt 0:00:02]} Bb2 {[%emt 0:00:05]} 39. Ke4 {[%emt 0:00:01]} a3 {[%emt 0:00:02]} 40. Kd5 {[%emt 0:00:00]} a2 {[%emt 0:00:04]} 41. d7 {[%emt 0:00:00]} Ke7 {[%emt 0:00:02]} 42. Kc6 {[%emt 0:00:01]} a1=Q {[%emt 0:00:06]} 43. Bd6+ {[%emt 0:00:01]} Ke6 {[%emt 0:00:01]} 44. d8=Q {[%emt 0:00:04]} Qa4+ {[%emt 0:00:01]} 45. Kb6 {[%emt 0:00:03]} Bxc3 {[%emt 0:00:03]} 46. Kc5 {[%emt 0:00:07]} Bb4+ {[%emt 0:00:01]} 47. Kd4 {[%emt 0:00:03]} Bxd6 {[%emt 0:00:01]} 48. Qc8+ {[%emt 0:00:01]} Ke7 {[%emt 0:00:01]} 49. Qb7+ {[%emt 0:00:01]} Qd7 {[%emt 0:00:01]} 50. Qe4+ {[%emt 0:00:01]} Be5+ {[%emt 0:00:00]} 51. Kxc4 {[%emt 0:00:01]} Qc7+ {[%emt 0:00:01]} 52. Kd3 {[%emt 0:00:01]} Qc3+ {[%emt 0:00:01]} 53. Ke2 {[%emt 0:00:00]} Qb3 {[%emt 0:00:02]} 54. f4 {[%emt 0:00:03]} Qb2+ {[%emt 0:00:02]} 55. Kf3 {[%emt 0:00:01]} Qc3+ {[%emt 0:00:02]} 56. Kg2 {[%emt 0:00:01]} Qd2+ {[%emt 0:00:02]} 57. Kf3 {[%emt 0:00:01]} Qc3+ {[%emt 0:00:01]} 58. Kg2 {[%emt 0:00:01]} Qd4 {[%emt 0:00:02]} 59. Qb7+ {[%emt 0:00:04]} Qd7 {[%emt 0:00:00]} 60. Qe4 {[%emt 0:00:05]} Qd4 {[%emt 0:00:01]} 61. Qb7+ {[%emt 0:00:01]} Ke6 {[%emt 0:00:03]} 62. Qc8+ {[%emt 0:00:03]} Ke7 {[%emt 0:00:04]} 63. fxe5 {[%emt 0:00:02]} fxe5 {[%emt 0:00:01]} 64. Qc7+ {[%emt 0:00:02]} Kf6 {[%emt 0:00:01]} 65. Qc6+ {[%emt 0:00:02]} Kf5 {[%emt 0:00:03]} 66. Qf3+ {[%emt 0:00:02]} Kg6 {[%emt 0:00:01]} 67. Qc6+ {[%emt 0:00:02]} Kh7 {[%emt 0:00:04]} 68. Qb7 {[%emt 0:00:03]} Qc4 {[%emt 0:00:04]} 69. Qd7 {[%emt 0:00:02]} Qc2+ {[%emt 0:00:03]} 70. Kg1 {[%emt 0:00:02]} Qc5+ {[%emt 0:00:02]} 71. Kg2 {[%emt 0:00:01]} f6 {[%emt 0:00:02]} 72. Qf7 {[%emt 0:00:02]} Qc2+ {[%emt 0:00:02]} 73. Kg1 {[%emt 0:00:02]} Qg6 {[%emt 0:00:01]} 74. Qb3 {[%emt 0:00:01]} Qf5 {[%emt 0:00:02]} 75. Kg2 {[%emt 0:00:01]} Qe4+ {[%emt 0:00:03]} 76. Kf2 {[%emt 0:00:01]} Qd4+ {[%emt 0:00:01]} 77. Kg2 {[%emt 0:00:01]} e4 {[%emt 0:00:00]} 78. Qf7 {[%emt 0:00:02]} Qd2+ {[%emt 0:00:02]} 79. Kg1 {[%emt 0:00:01]} Qg5 {[%emt 0:00:02]} 80. Kf2 {[%emt 0:00:01]} Qf5+ {[%emt 0:00:01]} 81. Kg2 {[%emt 0:00:02]} Qf3+ {[%emt 0:00:02]} 82. Kh2 {[%emt 0:00:00]} Qf2+ {[%emt 0:00:00]} 83. Kh1 {[%emt 0:00:00]} Qf3+ 84. Kh2 e3 85. g4 Qf4+ {[%emt 0:00:13]} 86. Kg2 {[%emt 0:00:02]} Qe4+ {[%emt 0:00:01]} 87. Kf1 {[%emt 0:00:03]} Qf3+ {[%emt 0:00:02]} 88. Kg1 {[%emt 0:00:03]} Qg3+ {[%emt 0:00:00]} 89. Kh1 {[%emt 0:00:01]} Qxh3+ {[%emt 0:00:02]} 90. Kg1 {[%emt 0:00:00]} Qxg4+ {[%emt 0:00:01]} 0-1

[Event "IMSA Blitz Women 2019"]
[Site "Hengshui"]
[Date "2019.05.17"]
[Round "4.1"]
[White "Tan, Zhongyi"]
[Black "Koneru, Humpy"]
[Result "1-0"]
[WhiteElo "2513"]
[BlackElo "2553"]
[Annotator "TA"]
[PlyCount "47"]
[EventDate "2019.05.17"]
[EventType "blitz"]
[EventCountry "CHN"]
[SourceTitle "playchess.com"]
[Source "ChessBase"]
[SourceQuality "1"]

{[%evp 27,59,26,36,24,29,25,62,22,66,60,64,49,147,134,315,313,328,296,331,316,320,288,306,309,296,300,279,279,443,395,722,742,2329,2166]} 1. c4 e6 2. Nc3 d5 3. d4 Bb4 4. e3 Nf6 5. a3 Bxc3+ 6. bxc3 O-O 7. cxd5 exd5 8. Bd3 c5 9. Ne2 b6 10. O-O Ba6 11. f3 Bxd3 12. Qxd3 Re8 13. Ng3 Nc6 14. Bb2 c4 15. Qd2 {E49: Nimzo-Indian: Rubinstein: 5 Bd3 d5 6 a3 Bxc3+ 7 bxc3} Re6 16. Rae1 Qe7 {[#]} 17. Re2 $146 {White is slightly better.} ({Predecessor:} 17. Qf2 Rf8 18. Bc1 Kh8 19. Nf5 Qd7 20. g4 Ne7 21. Ng3 Nc8 22. g5 Ng8 23. e4 f6 24. gxf6 Rexf6 25. Qe2 Nce7 26. Kh1 R6f7 27. Bg5 {½-½ (27) Erdos,V (2577)-Werle,J (2582) Germany 2008}) 17... h5 18. Rfe1 Qd7 19. e4 h4 {[#]} (19... dxe4 $14 20. fxe4 (20. Nxe4 Nd5 $11) 20... h4) 20. Nf5 $1 $16 dxe4 $2 {[#]} (20... Ne7 $16 {keeps fighting.}) 21. Qg5 $1 $18 {[%csl Gf5][%cal Rg5g7][%mdl 576] Double Attack} g6 22. fxe4 Rae8 {[%cal Re6e4]} 23. e5 ({Weaker is} 23. Qxh4 gxf5 24. exf5 Rxe2 $11) 23... Nh7 24. Nh6+ {Played: Qg5-g4} 1-0

[Event "IMSA Blitz Women 2019"]
[Site "Hengshui"]
[Date "2019.05.17"]
[Round "4.1"]
[White "Lei, Tingjie"]
[Black "Kosteniuk, Alexandra"]
[Result "1-0"]
[WhiteElo "2507"]
[BlackElo "2546"]
[Annotator "ChessBase"]
[PlyCount "63"]
[EventDate "2019.05.17"]
[EventType "blitz"]
[EventCountry "CHN"]
[SourceTitle "playchess.com"]
[Source "ChessBase"]
[SourceQuality "1"]
[TimeControl "180+2"]

1. d4 {[%emt 0:00:00]} Nf6 {[%emt 0:00:00]} 2. c4 {[%emt 0:00:00]} e6 {[%emt 0:00:00]} 3. g3 {[%emt 0:00:02]} d5 {[%emt 0:00:00]} 4. Bg2 {[%emt 0:00:01]} dxc4 {[%emt 0:00:01]} 5. Nf3 {[%emt 0:00:01]} Nc6 {[%emt 0:00:01]} 6. O-O {[%emt 0:00:08]} Rb8 {[%emt 0:00:02]} 7. a4 {[%emt 0:00:04]} a6 {[%emt 0:00:07]} 8. Nc3 {[%emt 0:00:48]} Be7 {[%emt 0:00:06]} 9. e4 {[%emt 0:00:14]} O-O {[%emt 0:00:04]} 10. e5 {[%emt 0:00:02]} Nd5 {[%emt 0:00:04]} 11. h4 {[%emt 0:00:20]} Ncb4 {[%emt 0:00:04]} 12. Qe2 {[%emt 0:00:03]} Nd3 {[%emt 0:00:13]} 13. Bg5 {[%emt 0:00:03]} h6 {[%emt 0:00:08]} 14. Bxe7 {[%emt 0:00:03]} Qxe7 {[%emt 0:00:03]} 15. Ne4 {[%emt 0:00:15]} b5 {[%emt 0:00:10]} 16. axb5 {[%emt 0:00:02]} axb5 {[%emt 0:00:00]} 17. b3 {[%emt 0:00:01]} Bb7 {[%emt 0:00:08]} 18. bxc4 {[%emt 0:00:08]} bxc4 {[%emt 0:00:01]} 19. Nfd2 {[%emt 0:00:07]} Nb6 {[%emt 0:00:13]} 20. Nxc4 {[%emt 0:00:16]} Nxc4 {[%emt 0:00:01]} 21. Qxd3 {[%emt 0:00:01]} Bd5 {[%emt 0:00:01]} 22. Rfc1 {[%emt 0:00:11]} Nb6 {[%emt 0:00:13]} 23. Ra7 {[%emt 0:00:06]} Rfc8 {[%emt 0:00:06]} 24. Nd6 {[%emt 0:00:04]} Bxg2 {[%emt 0:00:24]} 25. Kxg2 {[%emt 0:00:02]} Nd5 {[%emt 0:00:15]} 26. Nxc8 {[%emt 0:00:02]} Rxc8 {[%emt 0:00:00]} 27. Rb1 {[%emt 0:00:07]} Qd8 {[%emt 0:00:16]} 28. Rc1 {[%emt 0:00:11]} c5 {[%emt 0:00:02]} 29. Qf3 {[%emt 0:00:04]} f5 {[%emt 0:00:27]} 30. exf6 {[%emt 0:00:06]} Nxf6 {[%emt 0:00:02]} 31. Rxc5 {[%emt 0:00:03]} Rxc5 {[%emt 0:00:11]} 32. dxc5 {[%emt 0:00:01]} 1-0